banner-ar

الامام الشهيد حسن البنا باقلام تلاميزه ومعاصريه / (Record no. 64581)

MARC details
000 -الفاتح
حقل البيانات ثابتة الطول 00980nam a22002657a 4500
005 - وقت وتاريخ اخر تعامل مع التسجيلة
رقم الضبط 20240530110739.0
008 - عناصر البيانات ثابتة الطول - معلومات عامة
حقل البيانات ثابتة الطول 180910s1987 ua g b 000 0 ara d
017 ## - رقم الايداع القانونى
رقم الايداع القانونى 1985/7654
020 ## - الرقم الدولى المعيارى للكتب
الرقم الدولى المعيارى للكتاب 9771420399
040 ## - مصدر الفهرسة
وكالة الفهرسة الأصلية EG-CaGPL
وكالة النسخ EG-CaGPL
082 04 - رقم تصنيف ديوى العشرى
رقم الطبعة 21
رقم التصنيف 210.92 /
رقم المادة ج إ
100 0# - المدخل الرئيسى - إسم شخصى
الإسم الشخصى جابر رزق
الترقيم معد ومقدم
245 12 - بيان العنوان
العنوان الامام الشهيد حسن البنا باقلام تلاميزه ومعاصريه /
بيان المسئوليه,etc اعداد وتقديم جابر رزق
250 ## - بيان الطبعة
بيان الطبعة ط.2
260 ## - PUBLICATION, DISTRIBUTION, ETC. (IMPRINT)
تاريخ النشر أو التوزيع 1987
300 ## - الوصف المادى
التعداد 224 ص. ؛
أبعاد الوعاء 24 سم.
504 ## - تبصرة ببليوجرافية
تبصرة ببليوجرافية,الخ يشتمل على ارجاعات ببليوجرافية
600 0# - المدخل الاضافى بالموضوع-اسم شخصى
الإسم الشخصى حسن البنا
650 07 - المدخل الاضافى بالموضوع-مصطلح موضوعى
مصدر الرأس أو المصطلح qrmak
مصطلح موضوعي الوعظ والارشاد
650 07 - المدخل الاضافى بالموضوع-مصطلح موضوعى
مصدر الرأس أو المصطلح qrmak
مصطلح موضوعي الاخوان المسلمون
650 07 - المدخل الاضافى بالموضوع-مصطلح موضوعى
مصدر الرأس أو المصطلح qrmak
مصطلح موضوعي الاسلام
التقسيم الفرعي العام دعوة
651 ## - المدخل الاضافى بالموضوع - اسم جغرافى
مصدر الرأس أو المصطلح qrmak
942 ## - عناصر المدخل الإضافي( كوها)
مصدر التصنيف او مخطط الترفيف Dewey Decimal Classification
Koha [default] item type كتاب
260 ## - PUBLICATION, DISTRIBUTION, ETC. (IMPRINT)
-- القاهرة :
-- دار الوفاء لدنيا الطباعة و النشر ،
Holdings
حالة التراجع حالة الفقد حالة تلف ليس للاعارة المكان المؤقت الموقع الحالى موقع الترفيف تاريخ الاكتساب اجمالي اﻻعارات رقم الطلب الباركود تاريخ اخر مشاهدة تاريخ تفعيل السعر نوع وعاء كوها
        مكتبة القاهرة الكبرى مكتبة القاهرة الكبرى القاعة الرئيسية 09/12/2018   210.92 / ج إ 165020 09/12/2018 09/12/2018 كتاب

Powered By

EGPV